|
|
|
|
| LEADER |
00837cam a2200193 a 4500 |
| 082 |
|
|
|a 332.742
|b REO
|
| 100 |
|
|
|a Economic and Social Commission For Asia and the Pacific
|
| 245 |
0 |
0 |
|a Re-orientation of industrial policies :
|b studies undertaken for ad-hoc group of ministers of industry.
|
| 260 |
|
|
|a [Bangkok] :
|b Economic and Social Commission for Asia and the Pacific,
|c [1979.
|
| 300 |
|
|
|a iii, 196 p. ;
|
| 650 |
|
0 |
|a Industrial policy
|z Asia.
|
| 650 |
|
0 |
|a Industrial policy
|z Oceania.
|
| 650 |
|
0 |
|a Industrial policy
|z Bangladesh.
|
| 650 |
|
0 |
|a Industrial policy
|z Papua New Guinea.
|
| 650 |
|
0 |
|a Industrial policy
|z Philippines.
|
| 650 |
|
0 |
|a Industrial policy
|z Thailand.
|
| 942 |
|
|
|c BK
|
| 999 |
|
|
|c 97386
|d 97386
|
| 952 |
|
|
|0 0
|1 0
|4 0
|6 332_742000000000000_REO
|7 0
|9 90427
|a SSS
|b SSS
|c GEN
|d 2011-10-27
|l 0
|o 332.742 REO
|p SSSMK1571
|r 2011-10-27
|w 2016-10-27
|y BK
|